An Introduction to Mathematical Concepts in Economics: (Record no. 182877)

MARC details
000 -LEADER
fixed length control field 00665 a2200193 4500
005 - DATE AND TIME OF LATEST TRANSACTION
control field 20211208160514.0
010 ## - LCCN (DPL NO)
LC control number ENG-130245
020 ## - INTERNATIONAL STANDARD BOOK NUMBER
Terms of availability 600.00
International Standard Book Number 978-93-81615-08-9
035 ## - SYSTEM CONTROL NUMBER
System control number EN-113777
037 ## - SOURCE OF ACQUISITION
Source of stock number/acquisition DBAD / PUB
082 ## - DEWEY DECIMAL CLASSIFICATION NUMBER
Classification number 330.0151
245 ## - TITLE STATEMENT
Title An Introduction to Mathematical Concepts in Economics:
Remainder of title Vindeshwari Prasad
250 ## - EDITION STATEMENT
Edition statement 2012
260 ## - PUBLICATION, DISTRIBUTION, ETC. (IMPRINT)
Place of publication, distribution, etc New Delhi
Name of publisher, distributor, etc Pragatisheel Prakashan
Date of publication, distribution, etc 2012
270 ## - ADDRESS
Address 4378/4B, 305, JMD House, Murarilal Street, Ansari Road, Daryaganj
City New Delhi
Postal code 110002
Electronic mail address pragatisheelprakashan@yahoo.in
300 ## - PHYSICAL DESCRIPTION
Extent xiii, 215p.
Dimensions 22cm (pbk)
700 ## - ADDED ENTRY--PERSONAL NAME
Personal name Amrendra
942 ## - ADDED ENTRY ELEMENTS (KOHA)
Institution code [OBSOLETE] dpl
Item type English Books
Source of classification or shelving scheme Dewey Decimal Classification
Classification part 330.0151
Call number suffix PRA
Holdings
Withdrawn status Lost status Not for loan Collection code Home library Current library Date acquired Source of acquisition Cost, normal purchase price Full call number Barcode Copy number Cost, replacement price Koha item type
      Non-fiction Bawana Bawana 08/12/2021 DBAD/PUB 600.00 330.0151 PRA EN-113777 1 600.00 English Books

© Delhi Public Library
Hit Counter
free hit counter